[Event "DSOL 02 Liga Gr-B 1st"]
[Site "Playchess.com INT"]
[Date "2020.07.22"]
[Round "5.1"]
[White "Lesny, Florian"]
[Black "Richter, Georg"]
[Result "1-0"]
[WhiteElo "2137"]
[BlackElo "2090"]
[PlyCount "77"]
[EventDate "2020.06.22"]
[EventType "team-tourn (rapid)"]
[EventCountry "GER"]
[SourceTitle "EXT 2021"]
[Source "ChessBase"]
[SourceDate "2020.10.23"]
[SourceVersion "1"]
[SourceVersionDate "2020.10.23"]
[SourceQuality "1"]
[WhiteTeam "Niederbrechen"]
[BlackTeam "Berolina Mitte"]
[WhiteTeamCountry "GER"]
[BlackTeamCountry "GER"]

1. e4 d6 2. d4 Nf6 3. Nc3 g6 4. Be3 Bg7 5. Qd2 c6 6. Bh6 Bxh6 7. Qxh6 Qa5 8. Bd3 Rg8 9. Nf3 Nbd7 10. Qd2 Nb6 11. h3 Be6 12. 0-0 Qh5 13. e5 dxe5 14. dxe5 Nfd5 15. Ng5 Bf5 16. Be2 Qh6 17. Nxd5 Nxd5 18. c4 Nc7 19. Rad1 f6 20. exf6 exf6 21. Qe3+ Ne6 22. Nxe6 Qxe3 23. Nc7+ Ke7 24. fxe3 Rac8 25. Nd5+ cxd5 26. Rxd5 Be6 27. Rd4 b5 28. cxb5 Rc2 29. Rf2 Bxa2 30. Ra4 Rxb2 31. Rxa7+ Kd6 32. Rxf6+ Ke5 33. Rf2 Rc8 34. Bf1 Rxf2 35. Kxf2 Rc2+ 36. Kg3 h5 37. Bd3 Rc3 38. Bxg6 Rxe3+ 39. Kf2 1-0

[Event "Verbandsliga Nordbaden 1718"]
[Site "Baden"]
[Date "2018.01.14"]
[Round "4.5"]
[White "Richter, Georg"]
[Black "Pfatteicher, Lukas"]
[Result "0-1"]
[WhiteElo "2176"]
[BlackElo "2185"]
[PlyCount "28"]
[EventDate "2017.10.08"]
[EventType "team-tourn"]
[EventRounds "9"]
[EventCountry "GER"]
[SourceTitle "EXT 2019"]
[Source "ChessBase"]
[SourceDate "2018.10.10"]
[SourceVersion "1"]
[SourceVersionDate "2018.10.10"]
[SourceQuality "1"]
[WhiteTeam "Heidelberg"]
[BlackTeam "Karlsruhe"]
[WhiteTeamCountry "GER"]
[BlackTeamCountry "GER"]

1. e4 c6 2. d4 d5 3. exd5 cxd5 4. Nf3 Nf6 5. c4 Nc6 6. c5 Bg4 7. Bb5 e5 8. dxe5 Ne4 9. 0-0 Bxc5 10. Nbd2 0-0 11. Qc2 Nb4 12. Qa4 a6 13. Be2 Bxf3 14. gxf3 Qg5+ 0-1

[Event "Verbandsliga Nordbaden 1617"]
[Site "Baden"]
[Date "2017.03.12"]
[Round "7.3"]
[White "Hauke, Christian"]
[Black "Richter, Georg"]
[Result "0-1"]
[WhiteElo "2183"]
[BlackElo "2176"]
[PlyCount "82"]
[EventDate "2016.10.09"]
[EventType "team-tourn"]
[EventRounds "9"]
[EventCountry "GER"]
[SourceTitle "EXT 2022"]
[Source "ChessBase"]
[SourceDate "2021.10.06"]
[SourceVersion "1"]
[SourceVersionDate "2021.10.06"]
[SourceQuality "1"]
[WhiteTeam "Bad Mergentheim II"]
[BlackTeam "Heidelberg"]
[WhiteTeamCountry "GER"]
[BlackTeamCountry "GER"]

1. d4 Nf6 2. Bg5 d6 3. Nc3 g6 4. e4 Bg7 5. f4 0-0 6. Nf3 c5 7. d5 Qa5 8. Qd2 Qb4 9. Bd3 c4 10. Be2 Qc5 11. Bh4 b5 12. Bf2 Qb4 13. Bd4 Qa5 14. e5 dxe5 15. fxe5 Ng4 16. h3 Nh6 17. g4 b4 18. Nd1 Qxd5 19. Ne3 Qe4 20. 0-0 Nc6 21. Bxc4 Rd8 22. Bd3 Qf4 23. c3 Bb7 24. Qf2 Nxd4 25. Nxd4 Qxf2+ 26. Rxf2 Bxe5 27. g5 Bg3 28. gxh6 Bxf2+ 29. Kxf2 e5 30. Ng4 exd4 31. Nf6+ Kh8 32. cxb4 Rd6 33. Ng4 Re8 34. Rc1 Rc6 35. Rd1 f5 36. b5 Rc7 37. Nh2 Re3 38. Nf1 Rxh3 39. Re1 Rxh6 40. Re8+ Kg7 41. Rd8 Rh4 0-1

[Event "Verbandsliga Nordbaden 1617"]
[Site "Baden"]
[Date "2017.01.29"]
[Round "5.4"]
[White "Richter, Georg"]
[Black "Maehrlein, Christoph"]
[Result "1-0"]
[WhiteElo "2176"]
[BlackElo "2074"]
[PlyCount "81"]
[EventDate "2016.10.09"]
[EventType "team-tourn"]
[EventRounds "9"]
[EventCountry "GER"]
[SourceTitle "EXT 2022"]
[Source "ChessBase"]
[SourceDate "2021.10.06"]
[SourceVersion "1"]
[SourceVersionDate "2021.10.06"]
[SourceQuality "1"]
[WhiteTeam "Heidelberg"]
[BlackTeam "Pforzheim"]
[WhiteTeamCountry "GER"]
[BlackTeamCountry "GER"]

1. e4 d5 2. exd5 Qxd5 3. Nc3 Qa5 4. Nf3 Nf6 5. Be2 c6 6. 0-0 Bg4 7. b4 Qc7 8. a4 e6 9. b5 Nbd7 10. a5 Bb4 11. a6 Bxc3 12. axb7 Qxb7 13. dxc3 c5 14. c4 0-0 15. Bb2 a6 16. Qd6 axb5 17. Rxa8 Rxa8 18. cxb5 Qb8 19. Qxb8+ Rxb8 20. c4 Kf8 21. h3 Bf5 22. Ra1 Be4 23. Ne5 Ra8 24. Rxa8+ Bxa8 25. Nc6 Ne8 26. Na5 Ke7 27. Ba3 Kd6 28. Nb3 Nc7 29. f4 Be4 30. Kf2 Na8 31. Ke3 Bxg2 32. Nxc5 Nxc5 33. Kd4 f6 34. Bxc5+ Kc7 35. Bf8 Nb6 36. Bxg7 Nd7 37. c5 Bxh3 38. Bf3 e5+ 39. fxe5 fxe5+ 40. Bxe5+ Nxe5 41. b6+ 1-0

[Event "Verbandsliga Nord Baden 1314"]
[Site "Germany"]
[Date "2013.11.17"]
[Round "2.5"]
[White "Wenner, Tobias"]
[Black "Richter, Georg"]
[Result "0-1"]
[WhiteElo "2134"]
[BlackElo "2186"]
[PlyCount "62"]
[EventDate "2013.10.20"]
[EventType "team-tourn"]
[EventRounds "9"]
[EventCountry "GER"]
[SourceTitle "EXT 2015"]
[Source "ChessBase"]
[SourceDate "2014.11.20"]
[SourceVersion "1"]
[SourceVersionDate "2014.11.20"]
[SourceQuality "1"]
[WhiteTeam "Eppingen II"]
[BlackTeam "Leimen"]
[WhiteTeamCountry "GER"]
[BlackTeamCountry "GER"]

1. Nf3 Nf6 2. c4 g6 3. b4 Bg7 4. Bb2 c6 5. g3 0-0 6. Bg2 d6 7. 0-0 Qb6 8. Qb3 a5 9. bxa5 Qxa5 10. d4 Be6 11. a4 Nbd7 12. Nbd2 Nb6 13. Bc3 Qa6 14. Rfb1 Nxc4 15. Qxb7 Nd5 16. Qxa6 Rxa6 17. Bb4 Nxb4 18. Nxc4 c5 19. Rc1 cxd4 20. Rab1 Nd5 21. Ng5 Nc3 22. Nxe6 fxe6 23. Rb2 d5 24. Na3 Nxa4 25. Rbc2 Bh6 26. f4 g5 27. Nb5 gxf4 28. Nc7 f3 29. Bxf3 Bxc1 30. Rxc1 Rc8 31. Bg4 Nc3 0-1

[Event "Verbandsliga Nord Baden 0708"]
[Site "Germany"]
[Date "2008.04.27"]
[Round "9.2"]
[White "Richter, Georg"]
[Black "Mueller, Erich"]
[Result "1-0"]
[WhiteElo "2211"]
[BlackElo "2206"]
[PlyCount "87"]
[EventDate "2007.10.14"]
[EventType "team-tourn"]
[EventRounds "9"]
[EventCountry "GER"]
[SourceTitle "EXT 2009"]
[Source "ChessBase"]
[SourceDate "2008.11.26"]
[SourceVersion "1"]
[SourceVersionDate "2008.11.26"]
[SourceQuality "1"]
[WhiteTeam "Kirchheim II"]
[BlackTeam "Ladenburg"]
[WhiteTeamCountry "GER"]
[BlackTeamCountry "GER"]

1. e4 c5 2. d4 cxd4 3. c3 d3 4. Bxd3 Nc6 5. Nf3 g6 6. 0-0 Bg7 7. c4 d6 8. h3 Nf6 9. Nc3 0-0 10. Be3 Nd7 11. Rc1 Nde5 12. Be2 b6 13. Nd4 Bb7 14. f4 Nd7 15. Bf3 Rc8 16. b3 a6 17. Qd2 Nc5 18. Nd5 e6 19. Nxc6 Bxc6 20. Nxb6 Rb8 21. b4 Nxe4 22. Bxe4 Bxe4 23. Qf2 Qc7 24. Rfd1 Rfd8 25. a4 Qb7 26. a5 d5 27. c5 Qc6 28. Bd4 f6 29. Qb2 Rf8 30. b5 axb5 31. a6 Rf7 32. g4 Re8 33. Qa1 Ree7 34. g5 Qc7 35. a7 Qxf4 36. a8Q+ Bf8 37. Qc3 Ra7 38. Qxa7 Rxa7 39. Qe3 Qc7 40. gxf6 Kf7 41. Nd7 Bh6 42. Qf2 Bxc1 43. Ne5+ Kf8 44. Rxc1 1-0

[Event "Verbandsliga Nord Baden 0708"]
[Site "Germany"]
[Date "2008.03.02"]
[Round "7.2"]
[White "Richter, Georg"]
[Black "Zeier, Robert"]
[Result "0-1"]
[WhiteElo "2211"]
[BlackElo "2146"]
[PlyCount "64"]
[EventDate "2007.10.14"]
[EventType "team-tourn"]
[EventRounds "9"]
[EventCountry "GER"]
[SourceTitle "EXT 2009"]
[Source "ChessBase"]
[SourceDate "2008.11.26"]
[SourceVersion "1"]
[SourceVersionDate "2008.11.26"]
[SourceQuality "1"]
[WhiteTeam "Kirchheim II"]
[BlackTeam "Untergrombach II"]
[WhiteTeamCountry "GER"]
[BlackTeamCountry "GER"]

1. e4 e5 2. Nf3 Nc6 3. Bc4 Nf6 4. Nc3 Nxe4 5. Nxe4 d5 6. Bd3 dxe4 7. Bxe4 Bd6 8. c3 0-0 9. 0-0 f5 10. Bd5+ Kh8 11. d3 Qf6 12. Ng5 Qg6 13. f4 exf4 14. Nh3 f3 15. Bxf3 Ne5 16. Bh5 Qe6 17. Ng5 Qg8 18. d4 Nd7 19. Qe1 Nf6 20. Bd1 g6 21. Bb3 Qg7 22. Qh4 Bd7 23. Nf3 Ng8 24. Bxg8 Qxg8 25. Bh6 Rf7 26. Ne5 Bxe5 27. dxe5 Qe8 28. Rfe1 Qe6 29. Rad1 Re8 30. Bg5 Bc6 31. Bf6+ Kg8 32. Rd4 Rxf6 0-1

[Event "Baden-ch AT1"]
[Site "Oberwinden"]
[Date "2007.04.11"]
[Round "8"]
[White "Dahlem, Nikolas"]
[Black "Richter, Georg"]
[Result "1/2-1/2"]
[WhiteElo "1513"]
[BlackElo "2211"]
[PlyCount "81"]
[EventDate "2007.04.06"]
[EventType "swiss"]
[EventRounds "11"]
[EventCountry "GER"]
[SourceTitle "CBM 117 Extra"]
[Source "ChessBase"]
[SourceDate "2007.05.09"]
[SourceVersion "1"]
[SourceVersionDate "2007.05.09"]
[SourceQuality "1"]

1. e4 c6 2. d4 d5 3. exd5 cxd5 4. Nf3 e6 5. Nc3 Nf6 6. Bd3 Nc6 7. 0-0 Be7 8. Bf4 a6 9. Re1 0-0 10. Ne5 Nxd4 11. Bxh7+ Nxh7 12. Qxd4 Bg5 13. Re3 Bxf4 14. Qxf4 Qg5 15. Qxg5 Nxg5 16. Rg3 Nh7 17. Re1 Rd8 18. Na4 f6 19. Nb6 Rb8 20. Ng6 Kf7 21. c3 Rd6 22. Nxc8 Rxc8 23. Nf4 Rc4 24. Nd3 Ng5 25. Ne5+ fxe5 26. Rxg5 e4 27. h3 Kf6 28. Rg4 Rdc6 29. Re3 b5 30. Reg3 Rc7 31. Rg6+ Ke5 32. Rxg7 Rxg7 33. Rxg7 b4 34. cxb4 Rc1+ 35. Kh2 d4 36. h4 Kd6 37. Rg4 Re1 38. f3 d3 39. Rg8 Ke7 40. Rg7+ Kd6 41. Rg8 1/2-1/2

[Event "Baden-ch AT1"]
[Site "Oberwinden"]
[Date "2007.04.07"]
[Round "2"]
[White "Kleinhans, Maria"]
[Black "Richter, Georg"]
[Result "1-0"]
[WhiteElo "1427"]
[BlackElo "2211"]
[PlyCount "67"]
[EventDate "2007.04.06"]
[EventType "swiss"]
[EventRounds "11"]
[EventCountry "GER"]
[SourceTitle "CBM 117 Extra"]
[Source "ChessBase"]
[SourceDate "2007.05.09"]
[SourceVersion "1"]
[SourceVersionDate "2007.05.09"]
[SourceQuality "1"]

1. e4 c6 2. d4 d5 3. e5 Bf5 4. Bd3 Bxd3 5. Qxd3 e6 6. c3 Qb6 7. b4 a5 8. bxa5 Rxa5 9. Nd2 c5 10. Rb1 Qa7 11. Ne2 c4 12. Qg3 Rxa2 13. 0-0 Nh6 14. Nf4 Nf5 15. Qg4 Nc6 16. Nf3 Qa6 17. Nxd5 exd5 18. Qxf5 b5 19. e6 fxe6 20. Qxe6+ Ne7 21. Qxa6 Rxa6 22. Rxb5 Ra8 23. Re1 Kf7 24. g3 h6 25. Ne5+ Kg8 26. h4 Rd8 27. Kg2 Nf5 28. Ng6 Kh7 29. h5 Rg8 30. g4 Nd6 31. Rxd5 Nf7 32. Rxd8 Nxd8 33. d5 Bd6 34. Re4 1-0

[Event "Berlin Lichtenberger op 6th"]
[Site "Berlin"]
[Date "2007.??.??"]
[Round "?"]
[White "Fischer, Andre"]
[Black "Richter, Georg"]
[Result "0-1"]
[WhiteElo "2169"]
[BlackElo "2211"]
[PlyCount "82"]
[EventDate "2007.08.18"]
[EventType "swiss"]
[EventRounds "9"]
[EventCountry "GER"]
[SourceTitle "CBM 120 Extra"]
[Source "ChessBase"]
[SourceDate "2007.11.01"]
[SourceVersion "1"]
[SourceVersionDate "2007.11.01"]
[SourceQuality "1"]

1. e4 c5 2. c3 Nf6 3. e5 Nd5 4. d4 cxd4 5. Nf3 Nc6 6. cxd4 d6 7. exd6 Qxd6 8. Nc3 g6 9. Bb5 Bg7 10. h3 0-0 11. 0-0 Bf5 12. Re1 Rac8 13. Bxc6 Nxc3 14. bxc3 Rxc6 15. Bd2 Rfc8 16. Ne5 Ra6 17. Qb3 Bxe5 18. Rxe5 Rb6 19. Qd1 Be6 20. Qe1 f6 21. Re3 Kf7 22. a3 Bc4 23. Qc1 Qd5 24. Qc2 Rcc6 25. Qe4 Qxe4 26. Rxe4 Rb2 27. Be1 Ra6 28. Re3 b5 29. f4 Rb3 30. Bd2 Raxa3 31. Ree1 a5 32. Reb1 Rxb1+ 33. Rxb1 Ra2 34. Be1 Rc2 35. g3 Ke6 36. Ra1 a4 37. h4 h5 38. Ra3 Kd5 39. Ra1 Bd3 40. Ra3 Kc4 41. d5 Be4 0-1

[Event "Berlin Lichtenberger op 6th"]
[Site "Berlin"]
[Date "2007.??.??"]
[Round "?"]
[White "Moeller, David"]
[Black "Richter, Georg"]
[Result "0-1"]
[WhiteElo "2163"]
[BlackElo "2211"]
[PlyCount "77"]
[EventDate "2007.08.18"]
[EventType "swiss"]
[EventRounds "9"]
[EventCountry "GER"]
[SourceTitle "CBM 120 Extra"]
[Source "ChessBase"]
[SourceDate "2007.11.01"]
[SourceVersion "1"]
[SourceVersionDate "2007.11.01"]
[SourceQuality "1"]

1. e4 c5 2. f4 d5 3. exd5 Qxd5 4. Nf3 Bg4 5. d3 Bxf3 6. gxf3 Qh5 7. Qe2 Nc6 8. Be3 e6 9. Nc3 Qh4+ 10. Bf2 Qxf4 11. Bg3 Qb4 12. 0-0-0 Nf6 13. Bh3 Be7 14. a3 Qa5 15. Be1 Qd8 16. Rg1 g6 17. Ne4 0-0 18. Bc3 Nxe4 19. fxe4 Bf6 20. e5 Bg7 21. Qe4 Qd5 22. Qxd5 exd5 23. e6 f5 24. Bxg7 Kxg7 25. Bg2 Rad8 26. c4 Kf6 27. cxd5 Ne7 28. Rge1 Nxd5 29. d4 c4 30. Re5 Ne7 31. Re2 Rd6 32. d5 Rfd8 33. Rd4 g5 34. Rxc4 Nxd5 35. Bxd5 Rxd5 36. e7 Re8 37. Rc7 Rb5 38. Rd7 Rb6 39. Rc7 0-1

[Event "Berlin Lichtenberger op 6th"]
[Site "Berlin"]
[Date "2007.??.??"]
[Round "?"]
[White "Pott, Stefan"]
[Black "Richter, Georg"]
[Result "1/2-1/2"]
[WhiteElo "1941"]
[BlackElo "2211"]
[PlyCount "71"]
[EventDate "2007.08.18"]
[EventType "swiss"]
[EventRounds "9"]
[EventCountry "GER"]
[SourceTitle "CBM 120 Extra"]
[Source "ChessBase"]
[SourceDate "2007.11.01"]
[SourceVersion "1"]
[SourceVersionDate "2007.11.01"]
[SourceQuality "1"]

1. e4 c5 2. Nc3 Nc6 3. d3 e6 4. g3 g6 5. Bg2 Bg7 6. Be3 d6 7. Qd2 Qa5 8. Nge2 Nd4 9. 0-0 Ne7 10. Qc1 0-0 11. Bg5 f6 12. Bd2 Bd7 13. Nxd4 cxd4 14. Ne2 Qb6 15. b3 e5 16. f4 f5 17. Qa3 fxe4 18. Bxe4 Bh3 19. Rfe1 Nf5 20. Qa5 Qxa5 21. Bxa5 Ne3 22. Rac1 d5 23. Bh1 Rac8 24. c4 dxc4 25. bxc4 b6 26. Bd2 Bf5 27. Bxe3 dxe3 28. Bd5+ Kh8 29. fxe5 Bxe5 30. d4 Bf6 31. Bb7 Rc7 32. Ba6 Bd3 33. Nf4 Bf5 34. Nd5 Rcf7 35. Nxf6 Rxf6 36. Rxe3 1/2-1/2

[Event "Berlin Lichtenberger op 6th"]
[Site "Berlin"]
[Date "2007.??.??"]
[Round "?"]
[White "Richter, Georg"]
[Black "Gebigke, Martin"]
[Result "1-0"]
[WhiteElo "2211"]
[BlackElo "2181"]
[PlyCount "57"]
[EventDate "2007.08.18"]
[EventType "swiss"]
[EventRounds "9"]
[EventCountry "GER"]
[SourceTitle "CBM 120 Extra"]
[Source "ChessBase"]
[SourceDate "2007.11.01"]
[SourceVersion "1"]
[SourceVersionDate "2007.11.01"]
[SourceQuality "1"]

1. e4 c5 2. Nf3 d6 3. c3 Nf6 4. Be2 Nc6 5. d3 e6 6. a3 Be7 7. b4 c4 8. Nbd2 cxd3 9. Bxd3 0-0 10. Bb2 a5 11. 0-0 Qc7 12. Qe2 Bd7 13. b5 Ne5 14. Nxe5 dxe5 15. c4 Bc8 16. f4 Nd7 17. Kh1 b6 18. Qg4 Bf6 19. Rae1 Rd8 20. Nf3 g6 21. fxe5 Bg7 22. Ng5 Nc5 23. Bc2 Rf8 24. Rd1 Bxe5 25. Qh4 h5 26. Bxe5 Qxe5 27. Nxf7 Rxf7 28. Qd8+ Kg7 29. Rxf7+ 1-0

[Event "Berlin Lichtenberger op 6th"]
[Site "Berlin"]
[Date "2007.??.??"]
[Round "?"]
[White "Richter, Georg"]
[Black "Kropman, Alexei"]
[Result "1-0"]
[WhiteElo "2211"]
[BlackElo "1886"]
[PlyCount "59"]
[EventDate "2007.08.18"]
[EventType "swiss"]
[EventRounds "9"]
[EventCountry "GER"]
[SourceTitle "CBM 120 Extra"]
[Source "ChessBase"]
[SourceDate "2007.11.01"]
[SourceVersion "1"]
[SourceVersionDate "2007.11.01"]
[SourceQuality "1"]

1. d4 d5 2. c4 e6 3. Nf3 Nf6 4. g3 c6 5. Bg2 Bd6 6. 0-0 0-0 7. Qd3 Nbd7 8. Nbd2 Re8 9. e4 dxe4 10. Nxe4 Nxe4 11. Qxe4 e5 12. Bg5 f6 13. Bd2 Nf8 14. dxe5 Bxe5 15. Qc2 Bg4 16. Nxe5 Rxe5 17. Rfe1 Rh5 18. Bc3 Qc8 19. Re3 Ne6 20. Rae1 Ng5 21. f4 Nh3+ 22. Kf1 Qf8 23. Re7 Rd8 24. Be4 Rd1 25. Bd3 Qxe7 26. Qxd1 Qd7 27. Be2 Bxe2+ 28. Qxe2 Rh6 29. Rd1 Qc8 30. Qe7 1-0

[Event "Verbandsliga Nord Baden 0506"]
[Site "Germany"]
[Date "2006.04.09"]
[Round "8.3"]
[White "Tavakolian, Martin"]
[Black "Richter, Georg"]
[Result "1-0"]
[WhiteElo "2157"]
[BlackElo "2243"]
[PlyCount "49"]
[EventDate "2005.10.16"]
[EventType "team-tourn"]
[EventRounds "9"]
[EventCountry "GER"]
[SourceTitle "EXT 2007"]
[Source "ChessBase"]
[SourceDate "2006.11.23"]
[SourceVersion "1"]
[SourceVersionDate "2006.11.23"]
[SourceQuality "1"]
[WhiteTeam "Mannheim Lindenhof"]
[BlackTeam "Heidelberg Handschuhsheim II"]
[WhiteTeamCountry "GER"]
[BlackTeamCountry "GER"]

1. e4 d6 2. d3 g6 3. g3 Bg7 4. Bg2 Nf6 5. Nc3 0-0 6. f4 c6 7. Nf3 a5 8. a4 Na6 9. 0-0 b5 10. axb5 cxb5 11. h3 b4 12. Na4 Nd7 13. d4 Bb7 14. e5 Qc7 15. Be3 Rfc8 16. Rf2 Nb6 17. Nxb6 Qxb6 18. Qd2 Nc7 19. f5 Nd5 20. fxg6 hxg6 21. e6 f5 22. Bh6 Rxc2 23. Qg5 Rxf2 24. Qxg6 Rxg2+ 25. Kh1 1-0

[Event "Walldorf"]
[Site "Walldorf"]
[Date "2006.04.??"]
[Round "5"]
[White "Hess, Markus"]
[Black "Richter, Georg"]
[Result "1-0"]
[WhiteElo "2189"]
[BlackElo "2243"]
[PlyCount "45"]
[EventDate "2006.04.13"]
[EventType "tourn"]
[EventRounds "9"]
[EventCountry "GER"]
[EventCategory "4"]
[SourceTitle "CBM 111 Extra"]
[Source "ChessBase"]
[SourceDate "2006.05.09"]
[SourceVersion "1"]
[SourceVersionDate "2006.05.09"]
[SourceQuality "1"]

1. e4 e5 2. Nc3 Nf6 3. g3 Nc6 4. Bg2 Bc5 5. Nge2 Ng4 6. 0-0 Qf6 7. d4 exd4 8. Nd5 Qd8 9. b4 Nxb4 10. Nxb4 Bxb4 11. Qxd4 Be7 12. Qxg7 Bf6 13. Qxg4 Bxa1 14. c3 Qf6 15. Bg5 Qg6 16. Qf4 f6 17. Bxf6 Rf8 18. Qe5+ Kf7 19. Qe7+ Kg8 20. e5 c6 21. Rxa1 d5 22. Nf4 Qf7 23. Qd6 1-0

[Event "Walldorf"]
[Site "Walldorf"]
[Date "2006.04.??"]
[Round "9"]
[White "Richter, Georg"]
[Black "Gurevich, Vladimir"]
[Result "0-1"]
[WhiteElo "2243"]
[BlackElo "2452"]
[PlyCount "52"]
[EventDate "2006.04.13"]
[EventType "tourn"]
[EventRounds "9"]
[EventCountry "GER"]
[EventCategory "4"]
[SourceTitle "CBM 111 Extra"]
[Source "ChessBase"]
[SourceDate "2006.05.09"]
[SourceVersion "1"]
[SourceVersionDate "2006.05.09"]
[SourceQuality "1"]

1. e4 c5 2. d4 cxd4 3. c3 dxc3 4. Nxc3 Nc6 5. Nf3 d6 6. Bc4 a6 7. 0-0 Nf6 8. Be3 e6 9. Rc1 Be7 10. Qe2 Ng4 11. Rfd1 Nxe3 12. Qxe3 0-0 13. e5 d5 14. Bb3 Bd7 15. Bc2 Rc8 16. a3 Qc7 17. Nd4 g6 18. Nce2 Nxd4 19. Nxd4 Qd8 20. Nf3 Kg7 21. h3 Rc4 22. Bd3 Rxc1 23. Rxc1 Qb8 24. Nh2 h5 25. g4 Rh8 26. Qb6 Qxe5 0-1

[Event "Walldorf"]
[Site "Walldorf"]
[Date "2006.04.??"]
[Round "6"]
[White "Zuse, Peter"]
[Black "Richter, Georg"]
[Result "0-1"]
[WhiteElo "2333"]
[BlackElo "2243"]
[PlyCount "56"]
[EventDate "2006.04.13"]
[EventType "tourn"]
[EventRounds "9"]
[EventCountry "GER"]
[EventCategory "4"]
[SourceTitle "CBM 111 Extra"]
[Source "ChessBase"]
[SourceDate "2006.05.09"]
[SourceVersion "1"]
[SourceVersionDate "2006.05.09"]
[SourceQuality "1"]

1. d4 d5 2. c4 e5 3. dxe5 d4 4. Nf3 Nc6 5. a3 Bg4 6. Bf4 f6 7. exf6 Qxf6 8. Bxc7 Qe7 9. Bg3 0-0-0 10. Nbd2 Nf6 11. Qa4 Ne4 12. Nxe4 Qxe4 13. Nd2 Qe8 14. 0-0-0 Bf5 15. b4 Bd6 16. Bxd6 Rxd6 17. c5 Rd5 18. g3 Qe5 19. Qb3 Na5 20. Qb2 Rxc5+ 21. bxc5 Qxc5+ 22. Nc4 Qxc4+ 23. Kd2 Nb3+ 24. Ke1 Qc3+ 25. Rd2 Nxd2 26. Qxd2 Rd8 27. Kd1 Qb3+ 28. Kc1 Qb1# 0-1